UBT Library

HOME HEALTH NURSING (Record no. 58562)

000 -LEADER
fixed length control field 00329nam a22001457a 4500
008 - FIXED-LENGTH DATA ELEMENTS--GENERAL INFORMATION
fixed length control field 221014b ||||| |||| 00| 0 eng d
020 ## - INTERNATIONAL STANDARD BOOK NUMBER
International Standard Book Number 9781578014071
041 ## - LANGUAGE CODE
Language code of text/sound track or separate title eng
080 ## - UNIVERSAL DECIMAL CLASSIFICATION NUMBER
Edition identifier 3RD EDITION
Universal Decimal Classification number 610.73
082 ## - DEWEY DECIMAL CLASSIFICATION NUMBER
Classification number 610.73 MELL
100 ## - Rafti
Rafti 9
101 ## - Shkurtesa
Shkurtesa INF
245 ## - TITLE STATEMENT
Title HOME HEALTH NURSING
Statement of responsibility, etc MELLO S
942 ## - ADDED ENTRY ELEMENTS (KOHA)
Source of classification or shelving scheme
Item type Books
Holdings
Withdrawn status Lost status Source of classification or shelving scheme Damaged status Not for loan Collection code Permanent location Current location Date acquired Total Checkouts Full call number Barcode Date last seen Price effective from Koha item type
          Koleksioni i përgjithshem UBT - Lipjan UBT - Lipjan 10/14/2022   610.73 MELL 002-800028700260138 10/14/2022 10/14/2022 Books
          Koleksioni i përgjithshem UBT - Lipjan UBT - Lipjan 10/14/2022   610.73 HARR 002-800028700260139 10/14/2022 10/14/2022 Books
          Koleksioni i përgjithshem UBT - Lipjan UBT - Lipjan 10/14/2022   610.73 CARR 002-800028700260140 10/14/2022 10/14/2022 Books
          Koleksioni i lëndeve mesimore UBT - Lipjan UBT - Lipjan 10/14/2022   610.73 BEC 002-800028700260141 10/14/2022 10/14/2022 Books
UBT Library © 2015-2024. All rights reserved University Education for Business and Technology